00503nam a2200157Ia 4500008004100000041001200041082001100053100000600064245003300070260003600103300000800139650001200147942000700159999001500166952016400181221030s9999 xx 000 0 und d aEnglish a105.23 aM 0aThermal Physics Digestcby M bKhosla Pub., HouseaDelhic1987 a158 aPhysics cBK c1049d1049 pBE 46g18.00l0o105.23 r2024-06-13 00:00:00w2022-10-30yBK003Print4070aMIETLIBbMIETLIBcBL-Academic Block C, FL-2, CUP-8, SH-5, R-5d1998-10-2910HBE